000 00512nam a22001937a 4500
003 OSt
005 20180321095408.0
008 150302b xxu||||| |||| 00| 0 eng d
020 _a99923-0-009-4
040 _cBCRI
_aBCRI
082 _aSv861
100 1 _aLópez Vallecillos, Italo
_93063
245 1 0 _aCiego Afán
_cItalo López Vallecillos
250 _a1 ed
260 _aSan Salvador
_bCONCULTURA
_c1998
300 _a99 p.
_c21 cm
650 2 4 _921923
_aPoesía salvadoreña
942 _2ddc
_cBK
_hahoj
999 _c23311
_d23311